UBT Library

CARING FOR YOUR BABY AND YOUNG CHILD (Record no. 30563)

000 -LEADER
fixed length control field 00313nam a22001337a 4500
008 - FIXED-LENGTH DATA ELEMENTS--GENERAL INFORMATION
fixed length control field 170928b xxu||||| |||| 00| 0 eng d
020 ## - INTERNATIONAL STANDARD BOOK NUMBER
International Standard Book Number 9780553379624
041 ## - LANGUAGE CODE
Language code of text/sound track or separate title eng
080 ## - UNIVERSAL DECIMAL CLASSIFICATION NUMBER
Universal Decimal Classification number 37
100 ## - Rafti
Rafti 47
101 ## - Shkurtesa
Shkurtesa EDU
245 ## - TITLE STATEMENT
Title CARING FOR YOUR BABY AND YOUNG CHILD
Statement of responsibility, etc SHELOV.S.P
942 ## - ADDED ENTRY ELEMENTS (KOHA)
Source of classification or shelving scheme
Item type Books
Holdings
Withdrawn status Lost status Source of classification or shelving scheme Damaged status Not for loan Collection code Permanent location Current location Shelving location Date acquired Total Checkouts Full call number Barcode Date last seen Price effective from Koha item type
          Koleksioni i përgjithshem UBT - Lipjan UBT - Lipjan Koleksioni i përgjithshem 09/28/2017   37 SHE 002-2922069 09/28/2017 09/28/2017 Books
          Koleksioni i përgjithshem UBT - Lipjan UBT - Lipjan   10/10/2022   616.053 002-800028700209 10/10/2022 10/10/2022 Books
          Koleksioni i përgjithshem UBT - Lipjan UBT - Lipjan   10/10/2022   616.053 WON 002-800028700210 10/10/2022 10/10/2022 Books
UBT Library © 2015-2024. All rights reserved University Education for Business and Technology